• 首页
  • 本馆介绍
  • 公告通知
  • 最新文献
  • 馆藏检索
  • 电子资源
  • 读者导购
  • 参考咨询
  • 我的图书馆
  • 登录
  • 详细信息显示
  • 放入我的书架
  • 预约/预借图书
  • 作者相关作品
  • 分类相关作品
  • 丛书相关作品
  • 出版社相关作品

书目信息

  • 表格格式
  • 工作单格式
  • 卡片格式
题名:
“三讲”教育讲话
    
 
作者: ;《求是》杂志政治理论编辑部 编
分册:  
出版信息: 北京   红旗出版社  1999
页数: 579页
开本: 20cm
丛书名:
单 册:
中图分类: D261.1
科图分类:
主题词: 中国共产党--思想政治教育--学习参考资料
电子资源:
ISBN: 7-5051-0322-9
000 00677nam0 2200193 450
001 0759646259
005 20070713084002.53
010    @a7-5051-0322-9@dCNY32.60
100    @a20070709d1999 km y0chiy0120 ea
101 0  @achi
102    @aCN@b110000
200 1  @a“三讲”教育讲话@A“san jiang”jiao yu jiang hua@f《求是》杂志政治理论编辑部编@F《qiu shi》za zhi zheng zhi li lun bian ji bu bian
210    @a北京@c红旗出版社@d1999
215    @a579页@d20cm
606 0  @a中国共产党@x思想政治教育@x学习参考资料
690    @aD261.1@v3
711 02 @a《求是》杂志政治理论编辑部@A《qiu shi》za zhi zheng zhi li lun bian ji bu@4编
801  0 @aCN@bPFT@c20070713
905    @a10447@dD261.1@e177
    
    “三讲”教育讲话/《求是》杂志政治理论编辑部编.-北京:红旗出版社,1999
    579页;20cm
    
    
    ISBN 7-5051-0322-9:CNY32.60
    
●
相关链接 在E读中查询图书 在五车中查询图书 在当当中查询图书 在豆瓣中查询图书


正题名:"三讲"教育讲话     索取号:D261.1/177         预约/预借

序号 登录号 条形码 馆藏地/架位号 状态 备注
1 0768787   207687877   第一样本阅览室/ [索取号:D261.1/177] 在馆    
唐山师范学院图书馆 欢迎您!
大连网信软件有限公司© 版权所有